Fr. Conceicao Rodrigues College of Engineering

Tata iron and steel company limited : Reference book (Record no. 23681)

MARC details
000 -LEADER
fixed length control field 00342nam a2200145Ia 4500
100 ## - MAIN ENTRY--PERSONAL NAME
Personal name Tata iron and
245 ## - TITLE STATEMENT
Title Tata iron and steel company limited : Reference book
260 ## - PUBLICATION, DISTRIBUTION, ETC.
Name of publisher, distributor, etc. Tata iron and Steel co
Place of publication, distribution, etc. Culcutta
Date of publication, distribution, etc. 1941
300 ## - PHYSICAL DESCRIPTION
Extent 355
546 ## - LANGUAGE NOTE
Language note ENGLISH
650 ## - SUBJECT ADDED ENTRY--TOPICAL TERM
Topical term or geographic name entry element General
654 ## - SUBJECT ADDED ENTRY--FACETED TOPICAL TERMS
Focus term Tata iron
942 ## - ADDED ENTRY ELEMENTS (KOHA)
Koha item type BOOK
Holdings
Withdrawn status Lost status Damaged status Not for loan Collection Home library Current library Shelving location Date acquired Total Checkouts Full call number Barcode Date last seen Price effective from Koha item type
        CRC Fr. Agnel's C.Rodrigues College of Engineering Fr. Agnel's C.Rodrigues College of Engineering   17/03/2023   3417 17/03/2023 17/03/2023 BOOK